000 00719nam a22002177a 4500
005 20160802144326.0
010 _aENG-115621
020 _a9789351436805
_c2450.00
035 _aEN-99153
037 _bDBAD/PUB
082 _a343.54052
100 _aChaturvedi,K.
245 _aCompanion to Chaturvedi & Pithisaria's Income Tax Law :
_cby K.Chaturvedi [and] S.M.Pithisaria
_bwealth tax act,1957 /
250 _a6th ed
260 _aGurgaon
_bLexisnexis
_c2016
270 _a14th Floor, Building No. 10, Tower-B, DLF Cyber city, Phase-II
_bGurgaon
_e122002
300 _accxI,2085,89p.
_c24cm (Hb)
500 _aIncludes index
700 _aPithisaria,S.M.
942 _2ddc
_cEN
_mCHA
_h343.54052
999 _c101742
_d101742